Report of the group of officials on centrally sponsored schemes (Record no. 486650)

000 -LEADER
fixed length control field 00430cam a22001337a 4500
008 - FIXED-LENGTH DATA ELEMENTS--GENERAL INFORMATION
fixed length control field 180718b1987 xxu||||| |||| 00| 0 eng d
082 ## - DEWEY DECIMAL CLASSIFICATION NUMBER
Classification number Lsx54 R299r
100 ## - MAIN ENTRY--PERSONAL NAME
Personal name India. Planning Commission
245 ## - TITLE STATEMENT
Title Report of the group of officials on centrally sponsored schemes
260 ## - PUBLICATION, DISTRIBUTION, ETC.
Place of publication, distribution, etc. New Delhi
Name of publisher, distributor, etc. The author
Date of publication, distribution, etc. 1987
300 ## - PHYSICAL DESCRIPTION
Extent 121p.
500 ## - GENERAL NOTE
General note Chairman: J.S. Baijal
700 ## - ADDED ENTRY--PERSONAL NAME
Personal name Baijal, J.S. (Chairman of the Group of Officials)
Holdings
Withdrawn status Lost status Damaged status Not for loan Permanent Location Current Location Date acquired Full call number Barcode Date last seen Price effective from Koha item type
        Indian Institute of Public Administration Indian Institute of Public Administration 2018-08-04 Lsx54 R299r GG29586 2018-08-04 2018-08-04 GG

Powered by Koha